[Event "Titled Tue 10th Jun Early"]
[Site "chess.com INT"]
[Date "2025.06.10"]
[Round "6"]
[White "Sarveshwaran V"]
[Black "Kholyavko, Mariya"]
[Result "1-0"]
[WhiteTitle "CM"]
[BlackTitle "WFM"]
[WhiteElo "2290"]
[BlackElo "2175"]
[WhiteFideId "25699016"]
[BlackFideId "13748505"]
[EventDate "2025.06.10"]

1. e4 c5 2. Nf3 Nc6 3. Nc3 e6 4. d4 cxd4 5. Nxd4 Nf6 6. Ndb5 Bb4 7. a3 Bxc3+ 8.
Nxc3 O-O 9. Bd3 d5 10. exd5 exd5 11. O-O Bg4 12. Qd2 Ne5 13. Qf4 Nxd3 14. cxd3
Qd7 15. Qd4 Be6 16. Bg5 Ne8 17. Bf4 Nc7 18. a4 Rad8 19. Qxa7 d4 20. Ne4 Nd5 21.
Be5 f6 22. Bxd4 Nf4 23. Bc5 Qxd3 24. Ng3 Qd5 25. f3 Ra8 26. Qb6 Rfc8 27. Bf2 Rc2
28. Rac1 Rxc1 29. Rxc1 Nd3 30. Rd1 Qc4 31. Qxb7 Rxa4 32. Qb8+ Kf7 33. Qb7+ Kg6
34. Qb8 Qc2 35. Qe8+ Kh6 36. Rf1 Nxf2 37. Qh5# 1-0

[Event "Titled Tue 10th Jun Early"]
[Site "chess.com INT"]
[Date "2025.06.10"]
[Round "6"]
[White "Le, Minh Tu"]
[Black "Recuero Guerra, Javier"]
[Result "1-0"]
[WhiteTitle "FM"]
[BlackTitle "FM"]
[WhiteElo "1932"]
[BlackElo "2126"]
[WhiteFideId "12404888"]
[BlackFideId "2254085"]
[EventDate "2025.06.10"]

1. e4 c5 2. Nf3 e6 3. c3 Nf6 4. e5 Nd5 5. d4 cxd4 6. cxd4 b6 7. Nc3 Nxc3 8. bxc3
Bb7 9. Bd3 d6 10. O-O Nd7 11. Ba3 Qc7 12. Re1 Be7 13. Rc1 O-O 14. exd6 Bxd6 15.
Bb2 Bf4 16. Rc2 Nf6 17. c4 Rad8 18. h3 Rfe8 19. d5 exd5 20. Bxf6 gxf6 21. cxd5
Qd6 22. Rxe8+ Rxe8 23. Bc4 a6 24. g3 Bh6 25. Nd4 Bc8 26. Kg2 b5 27. Bb3 Qe5 28.
Nf3 Qe4 29. d6 Bb7 30. d7 Rd8 31. Rc3 Bc6 32. Rd3 a5 33. Bd5 Bxd5 34. Rxd5 a4
35. Qd3 Qxd3 36. Rxd3 b4 37. Rd4 Bf8 38. Rd5 f5 39. Nd4 f4 40. Nc6 b3 41. axb3
f3+ 42. Kxf3 axb3 43. Nxd8 b2 44. Rb5 Be7 45. Nc6 Bf6 46. Rb8+ Kg7 47. Rxb2 Bxb2
48. d8=Q Bf6 49. Qd6 Kg6 50. g4 Kg7 51. Ne5 h6 52. Ke4 h5 53. Kf5 hxg4 54. Qxf6+
Kf8 55. Qxf7# 1-0

[Event "Titled Tue 10th Jun Early"]
[Site "chess.com INT"]
[Date "2025.06.10"]
[Round "6"]
[White "Wieczorek, Zbigniew"]
[Black "Aarit Kapil"]
[Result "0-1"]
[WhiteTitle "FM"]
[BlackTitle "CM"]
[WhiteElo "2105"]
[BlackElo "2078"]
[WhiteFideId "1102001"]
[BlackFideId "33408947"]
[EventDate "2025.06.10"]

1. Nf3 Nf6 2. c4 e6 3. Nc3 d5 4. cxd5 exd5 5. d4 c6 6. Bg5 Be7 7. e3 Ne4 8. Bxe7
Qxe7 9. Be2 f5 10. O-O Nd7 11. Rc1 O-O 12. Qb3 Kh8 13. a3 g5 14. Qb4 Qxb4 15.
axb4 g4 16. Ne5 Nxe5 17. Nxe4 fxe4 18. dxe5 Re8 19. b5 Bd7 20. e6 Bxe6 21. bxc6
bxc6 22. Rxc6 Rab8 23. Ra1 Rxb2 24. Kf1 Rb7 25. g3 Rf7 26. Rd6 d4 27. Rxe6 Rxe6
28. Bc4 Ref6 29. Bxf7 Rxf7 30. exd4 e3 31. Ra2 Rxf2+ 32. Rxf2 exf2 33. Kxf2 a5
34. Ke3 Kg7 35. Kd3 Kf6 36. Kc4 Ke6 37. Kb5 Kd5 38. Kxa5 Kxd4 39. Kb5 Ke3 40.
Kc5 Kf2 41. Kd5 Kg2 42. Ke4 Kxh2 43. Kf4 Kh3 0-1

[Event "Titled Tue 10th Jun Early"]
[Site "chess.com INT"]
[Date "2025.06.10"]
[Round "6"]
[White "Grezels, Florian"]
[Black "Yanev, Tihomir"]
[Result "1-0"]
[WhiteTitle "FM"]
[BlackTitle "IM"]
[WhiteElo "2306"]
[BlackElo "2354"]
[WhiteFideId "20696450"]
[BlackFideId "2910110"]
[EventDate "2025.06.10"]

1. e4 e6 2. d4 b6 3. Bd3 Bb7 4. Nf3 Nf6 5. Qe2 d5 6. e5 Nfd7 7. O-O c5 8. c3 Nc6
9. a3 Qc7 10. Nbd2 Be7 11. Re1 g5 12. Nf1 g4 13. Ng5 cxd4 14. Qxg4 Ncxe5 15. Qg3
Bd6 16. cxd4 Nxd3 17. Qxd3 h6 18. Rxe6+ fxe6 19. Qg6+ Kd8 20. Nxe6+ Kc8 21. Nxc7
Kxc7 22. Bd2 Rag8 23. Rc1+ Bc6 24. Qc2 Nb8 25. Ne3 Kb7 26. Nf5 Bc7 27. Bb4 a5
28. Bd6 Rc8 29. Bxc7 Rxc7 30. Qd2 Rf8 31. Nxh6 Rg7 32. g3 Bd7 33. Re1 Nc6 34.
Re3 Rh8 35. Re1 Rgh7 36. h4 Rxh6 37. b3 Rg6 38. b4 Rxh4 39. b5 Nxd4 40. Re3 Bxb5
41. Kg2 Bc6 42. Re7+ Ka6 43. Qd3+ Nb5 44. Qxg6 d4+ 45. Qxc6 1-0

[Event "Titled Tue 10th Jun Early"]
[Site "chess.com INT"]
[Date "2025.06.10"]
[Round "6"]
[White "Haddouche, Mohamed"]
[Black "Deac, Bogdan-Daniel"]
[Result "1-0"]
[WhiteTitle "GM"]
[BlackTitle "GM"]
[WhiteElo "2490"]
[BlackElo "2674"]
[WhiteFideId "7900660"]
[BlackFideId "1226380"]
[EventDate "2025.06.10"]

1. e4 e6 2. d3 d5 3. Qe2 Nc6 4. Nf3 dxe4 5. dxe4 e5 6. c3 Nf6 7. Qc2 a5 8. Bb5
Bd6 9. O-O O-O 10. Nbd2 Bd7 11. a4 h6 12. Nc4 Qe7 13. Nxd6 cxd6 14. b3 Be6 15.
Ba3 Qc7 16. h3 Rac8 17. c4 Rfd8 18. Rfd1 Na7 19. Rac1 Nxb5 20. axb5 d5 21. exd5
Bxd5 22. Qe2 Be4 23. Bb2 Re8 24. Re1 Rcd8 25. Rcd1 Rxd1 26. Rxd1 Bxf3 27. Qxf3
b6 28. Qd3 h5 29. Qd6 Qxd6 30. Rxd6 Re6 31. Rxe6 fxe6 32. Bxe5 Nd7 33. Bd4 e5
34. Be3 Kf7 35. g4 hxg4 36. hxg4 Ke6 37. Kg2 Kd6 38. Kf3 Ke6 39. Ke4 g6 40. f4
exf4 41. Kxf4 Kf6 42. Bd4+ Ke6 43. Kg5 Kf7 44. Kh6 Nf6 45. Bxf6 Kxf6 46. c5 bxc5
47. b6 a4 48. bxa4 1-0

[Event "Titled Tue 10th Jun Early"]
[Site "chess.com INT"]
[Date "2025.06.10"]
[Round "6"]
[White "Kazakov, Mikhail"]
[Black "Moosavifar, Seyed Abolfazl"]
[Result "0-1"]
[WhiteTitle "GM"]
[BlackTitle "FM"]
[WhiteElo "2513"]
[BlackElo "2303"]
[WhiteFideId "14102749"]
[BlackFideId "42548195"]
[EventDate "2025.06.10"]

1. e4 e5 2. Nf3 Nc6 3. Bb5 a6 4. Ba4 Nf6 5. O-O b5 6. Bb3 Bc5 7. d3 d6 8. Be3 h6
9. a4 Rb8 10. axb5 axb5 11. Nc3 O-O 12. Nd5 Be6 13. c3 Bxd5 14. exd5 Bxe3 15.
fxe3 Ne7 16. e4 c6 17. dxc6 Nxc6 18. Qe1 b4 19. Bc4 bxc3 20. bxc3 Na5 21. Ba2
Nb3 22. Rb1 Nc5 23. Qd2 Qa5 24. Nh4 Qa7 25. Kh1 Rxb1 26. Bxb1 Rb8 27. h3 Qa1 28.
Qc2 Rb2 29. Qd1 Na4 30. Qc1 Qa3 31. Rxf6 gxf6 32. Qxh6 Rxb1+ 33. Kh2 Qc1 34.
Qxf6 Qf4+ 35. Qxf4 exf4 36. Nf5 Nxc3 37. Nxd6 Rd1 38. Nf5 Rxd3 39. Kg1 Nxe4 40.
Kf1 Rd2 41. Nh4 Ng3+ 42. Kg1 Rd1+ 43. Kf2 Rf1# 0-1

[Event "Titled Tue 10th Jun Early"]
[Site "chess.com INT"]
[Date "2025.06.10"]
[Round "6"]
[White "Cordeiro, Marco Aurelio Zaror"]
[Black "Zahn, Wolfgang"]
[Result "0-1"]
[BlackTitle "FM"]
[WhiteElo "2056"]
[BlackElo "2280"]
[WhiteFideId "2117991"]
[BlackFideId "4620984"]
[EventDate "2025.06.10"]

1. e4 c5 2. Nc3 a6 3. f4 Nc6 4. Nf3 e6 5. a4 d5 6. g3 d4 7. Nb1 Be7 8. d3 h5 9.
Bg2 h4 10. O-O h3 11. Bh1 Nf6 12. Nbd2 Ng4 13. Nc4 Bd7 14. Nxd4 Nxd4 15. Qxg4
Nxc2 16. Rb1 b5 17. axb5 axb5 18. Ne5 Bf6 19. Nxd7 Bd4+ 20. Rf2 Qxd7 21. e5
Bxf2+ 22. Kxf2 Qd4+ 23. Ke2 Rd8 24. Be4 g6 25. Bd2 c4 26. Qf3 cxd3+ 27. Bxd3 Nb4
28. Bxb4 Qxb4 29. Qc6+ Kf8 30. Qxb5 Qxb5 31. Bxb5 Ke7 32. Bd3 Rd4 33. b4 Rhd8
34. Rb3 Kd7 35. b5 Kc7 36. b6+ Kb7 37. Ke3 Ra4 38. Be4+ Kb8 39. b7 Rdd4 40. Bf3
Rdb4 41. Rc3 Rxb7 42. Bxb7 Kxb7 43. Kf3 Ra2 44. g4 Rxh2 45. Kg3 Rh1 0-1

[Event "Titled Tue 10th Jun Early"]
[Site "chess.com INT"]
[Date "2025.06.10"]
[Round "6"]
[White "Ilinca, Felix-Antonio"]
[Black "Sheremetev, Vladislav"]
[Result "1-0"]
[WhiteTitle "IM"]
[BlackTitle "CM"]
[WhiteElo "2431"]
[BlackElo "2133"]
[WhiteFideId "54764998"]
[BlackFideId "54188300"]
[EventDate "2025.06.10"]

1. e4 c5 2. Nf3 d6 3. Bc4 Nf6 4. d3 e6 5. c3 Be7 6. Bb3 O-O 7. O-O b5 8. Re1 Bb7
9. Nbd2 Nbd7 10. Nf1 h6 11. Ng3 Rc8 12. h3 c4 13. Bc2 cxd3 14. Qxd3 a6 15. Bf4
Qc7 16. Rad1 e5 17. Bc1 Nc5 18. Qe2 Rfd8 19. Nh2 Bf8 20. Ng4 Nxg4 21. Qxg4 Kh7
22. Nf5 Qd7 23. Rxd6 Qe8 24. Red1 Ne6 25. Rxd8 Rxd8 26. Ne3 Nf4 27. g3 Bc8 28.
Nf5 Ne6 29. Rxd8 Qxd8 30. Qe2 g6 31. Ne3 h5 32. h4 Bb7 33. Qf3 Qd7 34. Nd5 Bg7
35. Be3 f5 36. Bb3 Nc7 37. Qd1 Nxd5 38. exd5 Bf6 39. f4 exf4 40. Bxf4 Bd8 41.
Qd3 Bb6+ 42. Kf1 a5 43. a3 a4 44. Ba2 Bc5 45. c4 bxc4 46. Bxc4 Be7 47. d6 Bf6
48. Bb5 Qd8 49. d7 Be4 50. Qd6 Bxb2 51. Bg5 1-0

[Event "Titled Tue 10th Jun Early"]
[Site "chess.com INT"]
[Date "2025.06.10"]
[Round "6"]
[White "Olhovik, Andrei"]
[Black "Ocampos, Ian"]
[Result "0-1"]
[WhiteTitle "FM"]
[WhiteElo "2282"]
[BlackElo "2216"]
[WhiteFideId "13507397"]
[BlackFideId "117544"]
[EventDate "2025.06.10"]

1. d4 Nf6 2. c4 g6 3. Nc3 d5 4. Bg5 c5 5. Bxf6 exf6 6. cxd5 Qb6 7. dxc5 Qxb2 8.
Rc1 Bxc5 9. Qd2 Qxd2+ 10. Kxd2 Na6 11. e3 Ba3 12. Bb5+ Bd7 13. Bxd7+ Kxd7 14.
Rb1 b6 15. Nge2 f5 16. Nd4 Rac8 17. Ndb5 Bb4 18. Rhc1 Rc5 19. Nxa7 Ra8 20. Nc6
Rxd5+ 21. Ke2 Kxc6 22. Nxd5+ Kxd5 23. Rd1+ Ke6 24. Rb2 Bc5 25. Rbd2 Nb4 26. Ra1
Ra3 27. h4 h5 28. g3 Nd5 29. Kf3 f6 30. Rad1 Nc3 31. Ra1 Ne4 32. Rd8 g5 33. hxg5
fxg5 34. Re8+ Kf7 35. Rh8 Rc3 36. Rxh5 Rc2 37. Rf1 Kg6 38. Rh8 Rxa2 39. g4 Nd2+
40. Kg2 Nxf1 41. gxf5+ Kxf5 42. Kxf1 Kg4 43. Kg2 Bxe3 44. Kh1 Bxf2 45. Rh3 Bg3
46. Rh8 Kf3 47. Rf8+ Bf4 0-1

[Event "Titled Tue 10th Jun Early"]
[Site "chess.com INT"]
[Date "2025.06.10"]
[Round "6"]
[White "Tleukhanov, Yerlan"]
[Black "Enkhrii Enkh-Amgalan"]
[Result "1-0"]
[WhiteTitle "FM"]
[BlackTitle "WFM"]
[WhiteElo "2296"]
[BlackElo "2226"]
[WhiteFideId "13749692"]
[BlackFideId "4907272"]
[EventDate "2025.06.10"]

1. c4 e5 2. g3 Nf6 3. Bg2 Nc6 4. Nc3 Bb4 5. Nf3 O-O 6. O-O e4 7. Ng5 Bxc3 8.
bxc3 Qe7 9. f3 exf3 10. Nxf3 Qc5+ 11. Kh1 Qxc4 12. Bb2 Re8 13. d3 Qe6 14. e4 d5
15. Ng5 Qe5 16. exd5 Qxg5 17. dxc6 b6 18. c4 Ng4 19. Qf3 Be6 20. Rae1 Rad8 21.
h3 Nh6 22. g4 Qd2 23. Bxg7 Kxg7 24. Qf6+ Kg8 25. Rd1 Qe3 26. Rfe1 Nxg4 27. hxg4
Qd4 28. g5 Qh4+ 29. Kg1 Rd4 30. Re3 Rg4 31. Rf1 Qxg5 32. Rxe6 Rxg2+ 33. Kh1 Qxf6
34. Rxe8+ Kg7 35. Rxf6 Rxa2 36. Rf3 Rd2 37. Re7 Rd1+ 38. Kg2 a5 39. Rxc7 a4 40.
Rcxf7+ Kg6 41. c7 1-0

[Event "Titled Tue 10th Jun Early"]
[Site "chess.com INT"]
[Date "2025.06.10"]
[Round "6"]
[White "Ugarte Soto, Cesar"]
[Black "Buscar, Michael"]
[Result "1/2-1/2"]
[WhiteTitle "CM"]
[WhiteElo "2088"]
[BlackElo "2016"]
[WhiteFideId "3601331"]
[BlackFideId "2603616"]
[EventDate "2025.06.10"]

1. d4 d5 2. Bf4 c5 3. e3 Bf5 4. Bxb8 Rxb8 5. Bd3 Bg6 6. Bxg6 hxg6 7. Nf3 e6 8.
c3 Nf6 9. h3 Bd6 10. Nbd2 O-O 11. O-O b5 12. a3 a5 13. Qe2 b4 14. axb4 axb4 15.
Rfb1 c4 16. e4 Bf4 17. e5 Bxd2 18. Nxd2 Nd7 19. Nf1 Rb7 20. Qc2 Qg5 21. b3 bxc3
22. bxc4 Rxb1 23. Rxb1 dxc4 24. Qxc3 Rc8 25. Ne3 Qf4 26. Rb7 Nb8 27. Rb4 Rd8 28.
Rxc4 Qe4 29. Rc8 Qb1+ 30. Kh2 Qb6 31. Qc7 Qxc7 32. Rxc7 Nd7 33. f4 Nb6 34. Rc6
Nd5 35. Nxd5 Rxd5 36. Rc4 Kf8 37. Kg3 Ke7 38. Kf3 Ra5 39. Rc3 Kd7 40. Ke4 Ra4
41. g4 Ra1 42. f5 gxf5+ 43. gxf5 Re1+ 44. Re3 exf5+ 45. Kf4 Rf1+ 46. Rf3 Rd1 47.
Ke3 Ke6 48. h4 g6 49. h5 gxh5 50. Rh3 Kd5 51. Rxh5 Rxd4 52. Rxf5 Re4+ 53. Kd3
Rxe5 54. Rxf7 Ke6 55. Rf8 Rd5+ 56. Ke4 Rd7 57. Re8+ Re7 58. Rxe7+ Kxe7 1/2-1/2

[Event "Titled Tue 10th Jun Early"]
[Site "chess.com INT"]
[Date "2025.06.10"]
[Round "6"]
[White "Bratovic, Blaz"]
[Black "Nazin, Roman"]
[Result "0-1"]
[WhiteTitle "IM"]
[BlackTitle "CM"]
[WhiteElo "2319"]
[BlackElo "2250"]
[WhiteFideId "14603551"]
[BlackFideId "4137167"]
[EventDate "2025.06.10"]

1. e4 e6 2. d4 d5 3. e5 c6 4. c3 c5 5. Nf3 Nc6 6. Bd3 Bd7 7. O-O Rc8 8. Re1 cxd4
9. h4 h6 10. h5 dxc3 11. Nxc3 a6 12. a3 Bc5 13. Qe2 Nge7 14. Bd2 Ba7 15. b4 Nd4
16. Nxd4 Bxd4 17. Rac1 Qb6 18. Rf1 Bxc3 19. Bxc3 Bb5 20. a4 Bxd3 21. Qxd3 O-O
22. Bd2 Nf5 23. b5 axb5 24. axb5 Qd4 25. Qxd4 Nxd4 26. Rxc8 Rxc8 27. Ra1 Nxb5
28. Rb1 Rc5 29. Bb4 Rc6 30. Bd6 Nxd6 31. exd6 Rxd6 32. Rxb7 d4 33. Kf1 d3 34.
Ke1 d2+ 35. Kd1 Kf8 36. f3 Ke8 37. g4 Rd7 38. Rb8+ Ke7 39. f4 Kf6 40. Rg8 Rd4
41. g5+ hxg5 42. fxg5+ Kxg5 43. Rxg7+ Kf6 44. Rh7 e5 45. h6 Kg6 46. Rg7+ Kf6 47.
Rg8 Rh4 48. Kxd2 Rxh6 49. Ra8 Rh4 50. Ke3 Rf4 51. Ra7 Ke6 52. Ra6+ Kf5 53. Ra7
f6 54. Ra8 Rb4 55. Rf8 Rb3+ 56. Ke2 e4 57. Rf7 Ke5 58. Rf8 f5 59. Re8+ Kf4 60.
Rf8 Rb2+ 61. Kf1 e3 62. Rf7 Ke4 63. Ke1 Kf3 64. Kd1 e2+ 0-1

[Event "Titled Tue 10th Jun Early"]
[Site "chess.com INT"]
[Date "2025.06.10"]
[Round "6"]
[White "Fernandes, Rogerio Paulo Muller"]
[Black "Hury, Tymoteusz"]
[Result "1-0"]
[BlackTitle "CM"]
[WhiteElo "2241"]
[BlackElo "2115"]
[WhiteFideId "2101599"]
[BlackFideId "21839328"]
[EventDate "2025.06.10"]

1. c4 e6 2. g3 f5 3. Bg2 Nf6 4. Nc3 d6 5. Nf3 Be7 6. O-O O-O 7. d3 e5 8. Rb1 a5
9. a3 c6 10. b4 axb4 11. axb4 Qe8 12. b5 Qh5 13. e3 g5 14. Nd2 g4 15. f4 gxf3
16. Qxf3 Qg6 17. Bh3 Ng4 18. bxc6 bxc6 19. Bxg4 fxg4 20. Qe2 Rxf1+ 21. Nxf1 Nd7
22. e4 Nf8 23. Ne3 h5 24. Bd2 Ne6 25. Nf5 Bf8 26. Be3 c5 27. Nd5 Kh8 28. Qf2 Ng5
29. Bxg5 Qxg5 30. Rf1 Ra7 31. Nh4 Bg7 32. Kg2 Be6 33. Ne3 Rf7 34. Nef5 Rb7 35.
Qe3 Qxe3 36. Nxe3 Kh7 37. Nhf5 Bf8 38. Nh4 Rf7 39. Rxf7+ Bxf7 40. Nef5 Be6 41.
Kf2 Bd7 42. Ke3 Be6 43. Kf2 Bd7 44. Kg2 Be6 45. h3 gxh3+ 46. Kxh3 Bd7 47. g4
hxg4+ 48. Kxg4 Be6 49. Kg5 Bg7 50. Nxd6 Bh6+ 51. Kh5 1-0

[Event "Titled Tue 10th Jun Early"]
[Site "chess.com INT"]
[Date "2025.06.10"]
[Round "6"]
[White "Cahaya, Satria Duta"]
[Black "Shymanskyi, Oleksandr"]
[Result "1-0"]
[WhiteTitle "FM"]
[BlackTitle "FM"]
[WhiteElo "2386"]
[BlackElo "2218"]
[WhiteFideId "7124252"]
[BlackFideId "14168880"]
[EventDate "2025.06.10"]

1. e4 c6 2. d4 d5 3. e5 Bf5 4. Nf3 e6 5. Be2 Ne7 6. O-O Ng6 7. a4 a5 8. Nbd2 Be7
9. h3 Nf4 10. Nb3 Nxe2+ 11. Qxe2 O-O 12. Be3 Nd7 13. Ne1 b6 14. Nd3 Qc7 15. c3
c5 16. Nf4 c4 17. Nd2 f6 18. exf6 Rxf6 19. g4 Bd6 20. Nh5 Rg6 21. Qf3 Bd3 22.
Rfe1 Rf8 23. Qg2 Nf6 24. Ng3 Nxg4 25. hxg4 Rxg4 26. Qh3 Bf5 27. Qh2 Rf6 28. Nf1
Bd3 29. Rad1 Be4 30. Bc1 Bf3 31. Qh3 h5 32. Rd2 h4 33. Re3 hxg3 34. Rxf3 gxf2+
35. Kxf2 Rxf3+ 36. Kxf3 Qf7+ 37. Ke2 Re4+ 38. Ne3 Bf4 39. Rd1 Qg6 40. Rh1 Bxe3
41. Bxe3 Rg4 42. Qh8+ Kf7 43. Rf1+ Ke7 44. Qf8+ Kd7 45. Rf7+ Kc6 46. Qe8+ Kd6
47. Qd7# 1-0

[Event "Titled Tue 10th Jun Early"]
[Site "chess.com INT"]
[Date "2025.06.10"]
[Round "6"]
[White "Grave, Jacob Templen"]
[Black "Pulido Alvarez, Ariel"]
[Result "1-0"]
[WhiteTitle "FM"]
[BlackTitle "FM"]
[WhiteElo "2350"]
[BlackElo "2252"]
[WhiteFideId "1542656"]
[BlackFideId "3503011"]
[EventDate "2025.06.10"]

1. c4 e5 2. g3 Nf6 3. Bg2 Nc6 4. Nc3 Bb4 5. Nf3 O-O 6. O-O d6 7. Nd5 a5 8. d3 h6
9. b3 Be6 10. Nd2 Nh7 11. Bb2 Bc5 12. e3 Qd7 13. Re1 Rab8 14. a3 Ne7 15. d4 Ba7
16. Nxe7+ Qxe7 17. dxe5 dxe5 18. Bxe5 Rbd8 19. Bc3 Ng5 20. Qh5 Rd3 21. Rac1 Rfd8
22. Ne4 Bf5 23. Nxg5 hxg5 24. Bxa5 Rxb3 25. Bb4 c5 26. Ba5 b6 27. Bc3 Rxa3 28.
h4 gxh4 29. Qxf5 hxg3 30. fxg3 Bb8 31. Qg4 f6 32. Bd5+ Rxd5 33. cxd5 Ra2 34.
Qe6+ Qxe6 35. dxe6 Bxg3 36. Red1 Kf8 37. Rd7 Bf2+ 38. Kf1 Bxe3 39. Ra1 Rf2+ 40.
Ke1 1-0

[Event "Titled Tue 10th Jun Early"]
[Site "chess.com INT"]
[Date "2025.06.10"]
[Round "6"]
[White "Schnaider, Ilan"]
[Black "Garrido, Denis"]
[Result "1-0"]
[WhiteTitle "IM"]
[BlackTitle "FM"]
[WhiteElo "2388"]
[BlackElo "2230"]
[WhiteFideId "169013"]
[BlackFideId "601217"]
[EventDate "2025.06.10"]

1. d4 g6 2. e4 Bg7 3. Nc3 d5 4. Be3 dxe4 5. Nxe4 Nh6 6. c3 O-O 7. Nf3 Nf5 8. Bf4
b6 9. Bd3 Bb7 10. O-O Nd7 11. Re1 Rc8 12. Qc2 Nd6 13. Ne5 Nf6 14. Ng5 c5 15.
dxc5 Rxc5 16. Rad1 Qa8 17. b4 Rc7 18. Bf1 Rfc8 19. c4 Nh5 20. Bc1 Bxe5 21. Rxe5
f6 22. g4 Ng7 23. Ne6 fxe5 24. Nxc7 Rxc7 25. Bh6 Qc8 26. Qe2 Qe6 27. h3 Nge8 28.
Bg5 Nf6 29. Be3 Qc8 30. c5 bxc5 31. bxc5 Nf7 32. Qc4 Kg7 33. g5 Nh5 34. Qh4 Rxc5
35. Bxc5 Qxc5 36. Be2 Qc6 37. f3 Qc5+ 38. Qf2 Qxf2+ 39. Kxf2 Nf4 40. h4 Nd6 41.
Rb1 Bd5 42. Rb8 Bxa2 43. Ra8 Nxe2 44. Rxa7 1-0

[Event "Titled Tue 10th Jun Early"]
[Site "chess.com INT"]
[Date "2025.06.10"]
[Round "6"]
[White "Shukhman, Anna"]
[Black "Gulevich, Artem"]
[Result "1/2-1/2"]
[WhiteTitle "WGM"]
[BlackTitle "FM"]
[WhiteElo "2413"]
[BlackElo "2304"]
[WhiteFideId "54180058"]
[BlackFideId "24119580"]
[EventDate "2025.06.10"]

1. e4 c5 2. Nf3 Nc6 3. Nc3 e6 4. d4 cxd4 5. Nxd4 Qb6 6. Nb3 Nf6 7. Be3 Qc7 8. f3
a6 9. Qd2 Bb4 10. a3 Be7 11. O-O-O d6 12. g4 b5 13. h4 Nd7 14. f4 Nc5 15. Nxc5
dxc5 16. e5 Bb7 17. Bg2 Na5 18. Bxb7 Qxb7 19. Qd3 Nc4 20. Bf2 O-O 21. Qe4 Qc7
22. Rhe1 Rad8 23. f5 Rxd1+ 24. Nxd1 Rd8 25. h5 Bg5+ 26. Be3 Nxe3 27. Nxe3 Qd7
28. Kb1 Qd2 29. Rd1 Qa5 30. Rxd8+ Qxd8 31. fxe6 fxe6 32. Ng2 Qd1+ 33. Ka2 Qd5+
34. Qxd5 exd5 35. Ne1 Kf7 36. Nd3 Be3 37. b4 c4 38. Nc5 Bxc5 39. bxc5 Ke6 40. c6
d4 41. Kb2 a5 42. Kc1 b4 43. axb4 axb4 44. g5 h6 45. g6 Ke7 46. Kd2 Ke6 47. Kc1
Ke7 48. Kb2 Ke6 49. Ka2 Ke7 50. Kb2 Ke6 51. Kc1 1/2-1/2

[Event "Titled Tue 10th Jun Early"]
[Site "chess.com INT"]
[Date "2025.06.10"]
[Round "6"]
[White "Yushko, Olga"]
[Black "Nakhbayeva, Guliskhan"]
[Result "0-1"]
[WhiteTitle "WFM"]
[BlackTitle "IM"]
[WhiteElo "2033"]
[BlackElo "2326"]
[WhiteFideId "14114500"]
[BlackFideId "13704788"]
[EventDate "2025.06.10"]

1. d4 d5 2. c4 e6 3. cxd5 exd5 4. Nc3 c6 5. Bf4 Bd6 6. Bxd6 Qxd6 7. e3 Nf6 8.
Bd3 O-O 9. Nf3 Nbd7 10. O-O Re8 11. Rc1 Qe7 12. Qc2 h6 13. a3 a5 14. Na4 Ne4 15.
Bxe4 dxe4 16. Nd2 Nf6 17. Nc5 Bg4 18. Nc4 Bh5 19. Ne5 Qc7 20. Nxe4 Nxe4 21. Qxe4
f6 22. Qh4 fxe5 23. Qxh5 exd4 24. exd4 Rad8 25. Rc5 b6 26. Re5 Rf8 27. d5 cxd5
28. Rxd5 Qc4 29. Rxd8 Rxd8 30. Qe5 Qd5 31. Qe3 Qd4 32. Qe6+ Kh8 33. b3 Qc5 34.
a4 Qd6 35. Qe3 Qd4 36. Qe7 Qd6 37. Qe2 Qb4 38. Qc2 Qd2 39. Qc7 Qd6 40. Qc4 Qd4
41. Qb5 Rf8 42. g3 Rf3 43. Qe8+ Kh7 44. Qe6 Qf6 45. Qe4+ Qf5 46. Qd4 Qf6 47. Qc4
h5 48. Kg2 h4 49. Qe4+ Qf5 50. Qxf3 h3+ 51. Kg1 Qxf3 0-1

[Event "Titled Tue 10th Jun Early"]
[Site "chess.com INT"]
[Date "2025.06.10"]
[Round "6"]
[White "Tahmasebi, Hamidreza"]
[Black "Sychev, Klementy"]
[Result "0-1"]
[WhiteTitle "FM"]
[BlackTitle "GM"]
[WhiteElo "2298"]
[BlackElo "2513"]
[WhiteFideId "12537527"]
[BlackFideId "4114060"]
[EventDate "2025.06.10"]

1. e4 e5 2. Nf3 Nc6 3. Bb5 a6 4. Ba4 Nge7 5. O-O Ng6 6. d4 exd4 7. Nxd4 Nxd4 8.
Qxd4 b5 9. Bb3 Bb7 10. c4 c5 11. Qe3 b4 12. f4 Qc7 13. e5 Be7 14. Qg3 Nh4 15.
Rf2 O-O-O 16. Bd1 d6 17. Bg4+ Kb8 18. Be3 h5 19. Bh3 dxe5 20. fxe5 Rd1+ 21. Rf1
Rxf1+ 22. Kxf1 g5 23. Bxg5 Rg8 24. Bxe7 Rxg3 25. Bd6 Bxg2+ 26. Bxg2 Rxg2 27. a3
Rxh2 28. axb4 cxb4 29. Rxa6 Rh1+ 30. Kf2 Rxb1 31. Rc6 Qxd6 32. exd6 Rxb2+ 33.
Ke3 Nf5+ 34. Ke4 Nxd6+ 35. Rxd6 Kb7 36. Rf6 b3 37. Kd3 Rh2 38. Rxf7+ Kc6 39. Kc3
b2 40. Rf6+ Kc7 41. Rf1 h4 42. Kb3 h3 43. Ka2 Rg2 44. Rf7+ Kc6 45. Rf6+ Kc5 46.
Rf5+ Kxc4 47. Rf4+ Kd5 48. Rf5+ Ke6 49. Rh5 h2 50. Rh6+ Kf7 51. Rh7+ Kg8 52. Rh3
b1=Q+ 53. Ka3 Ra2# 0-1

[Event "Titled Tue 10th Jun Early"]
[Site "chess.com INT"]
[Date "2025.06.10"]
[Round "6"]
[White "Salinas Herrera, Pablo"]
[Black "Atis, Hasan"]
[Result "1-0"]
[WhiteTitle "GM"]
[BlackTitle "CM"]
[WhiteElo "2447"]
[BlackElo "2089"]
[WhiteFideId "3407128"]
[BlackFideId "44598017"]
[EventDate "2025.06.10"]

1. e4 c5 2. Nf3 e6 3. g3 Nc6 4. Bg2 Nf6 5. Qe2 e5 6. O-O d6 7. c3 Be7 8. Na3 O-O
9. Rd1 Rb8 10. h3 Re8 11. d3 Bf8 12. Bg5 h6 13. Bxf6 Qxf6 14. Nc4 b5 15. Ne3 Bb7
16. Nd5 Qd8 17. Nd2 Ne7 18. Nxe7+ Rxe7 19. Nf1 a6 20. Ne3 Re6 21. h4 Kh7 22. h5
Qg5 23. Bh3 Ree8 24. Kh2 g6 25. hxg6+ fxg6 26. Rf1 Bg7 27. a4 Rf8 28. axb5 axb5
29. Ra7 Rf7 30. Be6 Re7 31. Bd5 Bxd5 32. Rxe7 Qxe7 33. Nxd5 Qg5 34. Ra1 Rf8 35.
Ra7 h5 36. Kh3 Qc1 37. Kg2 Qg5 38. Qe3 Qxe3 39. Nxe3 Rb8 40. Nd5 b4 41. cxb4
cxb4 42. Ra6 Rc8 43. Rxd6 Rc2 44. Nxb4 Rxb2 45. Nd5 Rd2 46. Rd7 Kh6 47. Ne3 Bf6
48. Kf3 Bg5 49. Nc4 Rc2 50. Nxe5 Bf6 51. Nf7+ Kg7 52. Ng5+ Kh6 53. Ne6 Rc3 54.
Kg2 Rc2 55. d4 Rd2 56. Kf3 g5 57. Ke3 Rd1 58. Rd6 Kg6 59. e5 Bxe5 60. dxe5 Re1+
61. Kf3 Kf5 62. Nd4+ Kxe5 63. Re6+ 1-0